| 000 | 01470cam a22002895a 4500 | ||
|---|---|---|---|
| 001 | 18297793 | ||
| 005 | 20161204142620.0 | ||
| 008 | 140910t2016 maua frb 001 0 eng d | ||
| 020 | _a9781284069358 | ||
| 020 | _a1284069354 | ||
| 040 |
_aDNLM/DLC _cDLC _dDLC _dEG-ScBUE _beng |
||
| 082 | 0 | 4 |
_a362.1 _222 _bTUR |
| 100 | 1 | _aTurnock, Bernard J. | |
| 245 | 1 | 0 |
_aEssentials of public health / _cBernard J. Turnock. |
| 250 | _a3rd ed. | ||
| 260 |
_aBurlington : _bJones & Bartlett Learning, _cc.2016. |
||
| 300 |
_axvi, 294 p. : _bill. ; _c28 cm. |
||
| 490 | 0 | _aEssential public health | |
| 504 | _aIncludes bibliographical references and index. | ||
| 505 | 0 | _aWhat is public health? -- Measuring population health -- Public health and the health system -- Law, government, and public health -- 21st-century community public health practice -- Public health emergency preparedness and response -- Public health workforce -- Public health administration -- Environmental and occupational health -- Public health nursing -- Epidemiology and disease control -- Public health education and information -- Additional public health professional and technical occupations -- Public health practice : future challenges. | |
| 650 | 7 |
_aPublic Health Nursing _zUnited States. _2BUEsh _936112 |
|
| 650 | 7 |
_aMedical care _zUnited States. _2BUEsh |
|
| 650 | 7 |
_aPublic health administration _zUnited States. _2BUEsh |
|
| 651 | _2BUEsh | ||
| 653 |
_bNNUR _cDecember2016 |
||
| 942 | _2ddc | ||
| 999 |
_c23439 _d23411 |
||